Compendio de los sucesos ocurridos en el ejercito del Perú y sus provincias (1813-1816) (Record no. 22716)

000 -CABECERA
fixed length control field 01006nam a22002297i 4500
003 - IDENTIFICADOR DEL NÚMERO DE CONTROL
control field AR-CdUCM
008 - DATOS DE LONGITUD FIJA--INFORMACIÓN GENERAL
fixed length control field 231016b20212021pe ||||| |||| 00| 0 spa d
020 ## - NÚMERO INTERNACIONAL ESTÁNDAR DEL LIBRO
ISBN 978-612-48745-0-5
040 ## - FUENTE DE LA CATALOGACIÓN
Agencia/entidad que catalogó originalmente la obra MUNICIPALIDAD PROVINCIAL DEL CUSCO
Entidad que transcribió la catalogación BIBLIOTECA MUNICIPAL DEL CUSCO
082 ## - NÚMERO DE LA CLASIFICACIÓN DECIMAL DEWEY
No. de Clasificación 985.04 /
Notacion interna P49C
100 ## - ENTRADA PRINCIPAL--NOMBRE DE PERSONA
Nombre Personal De la Pezuela, Joaquín
245 ## - MENCIÓN DE TÍTULO
Título Compendio de los sucesos ocurridos en el ejercito del Perú y sus provincias (1813-1816)
260 ## - PUBLICACIÓN, DISTRIBUCIÓN, ETC.
Lugar de publicación, distribución, etc. Lima
Nombre de la editorial, distribuidor, etc. Ministerio de cultura, Proyecto especial Bicentenario de la independencia del Peru
Fecha de publicación, distribución, etc. 2021
300 ## - DESCRIPCIÓN FÍSICA
Nº de Páginas Extensión 200 paginas
Dimensiones 20 cm.
440 ## - MENCIÓN DE SERIE/PUNTO DE ACCESO ADICIONAL--TÍTULO
Título Compendio de los sucesos ocurridos en el ejercito del Perú y sus provincias (1813-1816)
9 (RLIN) 48947
505 ## - NOTA DE CONTENIDO CON FORMATO
Nota de contenido formateada Lecturas de la independencia -- el diario de campaña de un general realista -- primera y segunda parte
650 ## - PUNTO DE ACCESO ADICIONAL DE MATERIA--TÉRMINO DE MATERIA
Descriptor independencia, diario de campaña, general, realista
9 (RLIN) 48948
856 ## - LOCALIZACIÓN Y ACCESO ELECTRÓNICOS
Dirección electrónica www.bicentenario.gob.pe
942 ## - ELEMENTOS DE PUNTO DE ACCESO ADICIONAL (KOHA)
Fuente de clasificación
Tipo de item Libros-BMC
945 ## - PROCESAMIENTO DE INFORMACIÓN LOCAL (OCLC)
Catalogador roel
AAAA-MM-DD - Fecha de ingreso o modificacion 2023-10-16

No items available.

Powered by Koha